00321nam a2200133Ia 4500008004100000041000800041082001700049100002000066245003500086260002200121300000800143365001600151700002000167230718s9999 xx 000 0 und d aeng a005.678bMAN aMantravadi P.M. aE -healthcare Concepts & Cases c2004bICFAI Books a170 cRs.b350.00 aMantravadi P.M.